00886cam a2200265 a 4500001000800000005001700008008004100025010001700066020001500083020002200098040001800120043003000138050002400168110004800192245008800240260003600328300004100364500002000405504003000425610004800455650002100503650004100524700002900565700002600594469635620170207085526.0820519s1983 nyua b 001 0 eng  a 82008142  a0870993267 a0870993275 (pbk.) aDLCcDLCdDLC aa------an-us---an-us-ny00aNK7308.9b.M47 19832 aMetropolitan Museum of Art (New York, N.Y.)10aIslamic jewelry in the Metropolitan Museum of Art /cMarilyn Jenkins, Manuel Keene. aNew York :bThe Museum,c[1983] a160 p. :bill. (some col.) ;c28 cm. aIncludes index. aBibliography: p. 153-158.20aMetropolitan Museum of Art (New York, N.Y.) 0aIslamic jewelry. 0aJewelryzNew York (State)zNew York.1 aJenkins, Marilyn,d1940-1 aKeene, Manuel,d1941-